000 03571nam a22003257a 4500
001 TZ 0031
003 gtcocun
005 20251007165713.0
006 a||||gr|||| 00| 0
007 ta
008 251007b2007 gt ||||| m||| 00| 0 eng d
040 _agtcocun
_bSPA
_cgtcocun
_eRDA
041 _aSPA TZ 0031
084 _0TZ 0031
100 _aGarcía Molina, Jorge FAbio
_eAutor
245 _aINFORME DE ACTIVIDADES DE SERVICIO, EXTENSIÓN E INVESTIGACIÓN REALIZADAS CON EL APOYO DE LA FUNDACIÓN RIGOBERTA MENCHÚ TUM (FRMT) E IMPULSADAS POR LOS PROGRAMAS DE INICIATIVAS DE AUTODESARROLLO (PAIA), EN CINCO COMUNIDADES DEL MUNICIPIO DE FRAY BARTOLOMÉ DE LAS CASAS, ALTA VERAPAZ./
_cJorge FAbio García Molina.
_hImpreso
264 _aCobán, Alta Verapaz:
_bUniversidad de San Carlos de Guatemala, Centro Universitario del Norte, Zootecnia
_c2007
300 _a53 p.:
_bIlustraciones, gráficas.
_c28 cm;
336 _2rdacontenido
_aTexto
_btxt
337 _2rdamedio
_aComputadora
_bn
338 _2rdasoporte
_aCódigo en línea
_bcr
502 _eTZ 0031
502 _aTesis de grado
_bZootecnia,
_cUniversidad de San Carlos de Guatemala, Centro Universitario del Norte, Zootecnia
_d2007
_oTZ 0031
520 1 4 _aEn este informe se describen las actividades de servicio y extensión realizadas con el apoyo y la disponibilidad de los recursos de la Fundación Rigoberta Menchú Tum (FRMT) y los programas de iniciativas de autodesarrollo (PAIA), que impulsa el desarrollo integral y sostenible de las comunidades, para mejorar las condiciones de vida de las familias y pueblos indígenas, impulsando la capacidad de grupos organizados para que fortalezcan el desarrollo de sus comunidades; con capacidad económica y de gestión con la participación equitativa de mujeres y hombres promoviendo el buen uso de los recursos naturales. Las actividades agroproductivas que se realizaron consideran valores sociales y económicos en la mayoría de las familias del área de influencia, bajo las condiciones de nuevas alternativas de producción y cultivo que permiten el fortalecimiento de sistemas de organización y participación, así como aseguran el mejoramiento de vida de las propias comunidades. Las actividades de extensión y servicio dieron inicio con la socialización de los proyectos programados para ejecutar en las comunidades beneficiadas, que se basaron en cuatro componentes comprendidos por la Educación Ambiental, las reforestaciones y manejo forestal, la diversificación de la producción y el fortalecimiento de capacidades de organización local. En la investigación inferencial se identificaron factores que inciden en el desarrollo de proyectos pecuarios, ésta se realizó en tres comunidades del municipio de Fray Bartolomé de las Casas, Alta Verapaz. vi Al finalizar el Ejercicio Profesional Supervisado y la investigación, se concluyó que durante las actividades realizadas se socializaron a trescientas personas como beneficiaras de los proyectos, se diversificaron y establecieron granjas avícolas para la producción de carne y huevo y parcelas con cultivos de cítricos, vainilla y pimienta.
650 1 4 _2LEMB
_aFray Bartolomé de las Casas, Alta Verapaz.
_xZootecnia
_xAutodesarrollo
_xFundación
_xComunidad
_xCapacidades
_xFortalecimiento
700 _aLic. Zoot. Julio Antonio Estrada Osorio
_eAsesor
856 _uhttps://drive.google.com/file/d/1Gs3MZN5hPoXkQCTvlizq7V9T8aPc6bNI/view
_yPDF
_zUn ejemplar en línea.
942 _2ddc
_cTES
_iTZ 0031
_kClasificación
_n0
_6TZ_0031_000000000000000
999 _c2263
_d2263